Normal view
MARC view
- القضاء -- المحاكم الشرعية -- الاحوال الشخصية
Entry Topical Term
001 - CONTROL NUMBER
- control field: 50618
003 - CONTROL NUMBER IDENTIFIER
- control field: JO-AjAnu
005 - DATE AND TIME OF LATEST TRANSACTION
- control field: 20230606082331.0
008 - FIXED-LENGTH DATA ELEMENTS
- fixed length control field: 230606|| aca||aabn | a|a d
040 ## - CATALOGING SOURCE
- Original cataloging agency: JO-AjAnu
- Transcribing agency: JO-AjAnu
150 ## - HEADING--TOPICAL TERM
- Topical term or geographic name entry element: القضاء -- المحاكم الشرعية -- الاحوال الشخصية
670 ## - SOURCE DATA FOUND
- Source citation: Work cat.: (JO-AjAnu)25876: أبو رمان ، محمود احمد , author 50617, لوائح الدعاوى وانظمة تشكيل المحاكم الشرعية واختصاصاتها